<?xml version="1.0" encoding="UTF-8"?>
<record
    xmlns:xsi="http://www.w3.org/2001/XMLSchema-instance"
    xsi:schemaLocation="http://www.loc.gov/MARC21/slim http://www.loc.gov/standards/marcxml/schema/MARC21slim.xsd"
    xmlns="http://www.loc.gov/MARC21/slim">

  <leader>01337nam a22002657a 4500</leader>
  <controlfield tag="003">NALT</controlfield>
  <controlfield tag="005">20220907113122.0</controlfield>
  <controlfield tag="008">      s2556    th                  tha d</controlfield>
  <datafield tag="020" ind1=" " ind2=" ">
    <subfield code="a">9786163484192</subfield>
  </datafield>
  <datafield tag="040" ind1=" " ind2=" ">
    <subfield code="a">NALT</subfield>
  </datafield>
  <datafield tag="041" ind1=" " ind2=" ">
    <subfield code="a">tha</subfield>
  </datafield>
  <datafield tag="050" ind1=" " ind2=" ">
    <subfield code="a">BQ 5335 </subfield>
    <subfield code="b">&#xE27;111&#xE21; 2556</subfield>
  </datafield>
  <datafield tag="100" ind1="0" ind2=" ">
    <subfield code="a">&#xE27;. &#xE27;&#xE0A;&#xE34;&#xE23;&#xE40;&#xE21;&#xE18;&#xE35;</subfield>
    <subfield code="9">24989</subfield>
  </datafield>
  <datafield tag="245" ind1="1" ind2="0">
    <subfield code="a">&#xE21;&#xE19;&#xE15;&#xE4C;&#xE02;&#xE25;&#xE31;&#xE07;&#xE41;&#xE2B;&#xE48;&#xE07;&#xE40;&#xE04;&#xE19;&#xE22;&#xE32; = </subfield>
    <subfield code="b">Magical Kenya /</subfield>
    <subfield code="c">&#xE1A;&#xE23;&#xE23;&#xE22;&#xE32;&#xE22;&#xE18;&#xE23;&#xE23;&#xE21;&#xE42;&#xE14;&#xE22; &#xE1E;&#xE23;&#xE30;&#xE21;&#xE2B;&#xE32;&#xE27;&#xE38;&#xE12;&#xE34;&#xE0A;&#xE31;&#xE22; &#xE27;&#xE0A;&#xE34;&#xE23;&#xE40;&#xE21;&#xE18;&#xE35; ; &#xE16;&#xE48;&#xE32;&#xE22;&#xE20;&#xE32;&#xE1E;&#xE42;&#xE14;&#xE22; &#xE40;&#xE14;&#xE27;&#xE34;&#xE14; &#xE40;&#xE25;&#xE49;&#xE32;.</subfield>
  </datafield>
  <datafield tag="260" ind1=" " ind2=" ">
    <subfield code="a">&#xE01;&#xE23;&#xE38;&#xE07;&#xE40;&#xE17;&#xE1E;&#xE2F; : </subfield>
    <subfield code="b">&#xE42;&#xE23;&#xE07;&#xE1E;&#xE34;&#xE21;&#xE1E;&#xE4C;&#xE40;&#xE2D;.&#xE1E;&#xE35; &#xE1B;&#xE23;&#xE34;&#xE49;&#xE19;&#xE15;&#xE34;&#xE49;&#xE07; &#xE01;&#xE23;&#xE38;&#xE4A;&#xE1B;, </subfield>
    <subfield code="c">2556.</subfield>
  </datafield>
  <datafield tag="300" ind1=" " ind2=" ">
    <subfield code="a">120 &#xE2B;&#xE19;&#xE49;&#xE32; :</subfield>
    <subfield code="b">&#xE20;&#xE32;&#xE1E;&#xE1B;&#xE23;&#xE30;&#xE01;&#xE2D;&#xE1A; ;</subfield>
    <subfield code="c">19 &#xE0B;&#xE21;.</subfield>
  </datafield>
  <datafield tag="650" ind1=" " ind2="4">
    <subfield code="a">&#xE2A;&#xE31;&#xE15;&#xE27;&#xE4C;&#xE1B;&#xE48;&#xE32;</subfield>
    <subfield code="9">24992</subfield>
    <subfield code="z">&#xE40;&#xE04;&#xE19;&#xE22;&#xE32;</subfield>
    <subfield code="x">&#xE20;&#xE32;&#xE1E;</subfield>
  </datafield>
  <datafield tag="650" ind1=" " ind2="4">
    <subfield code="a">&#xE2A;&#xE31;&#xE15;&#xE27;&#xE4C; </subfield>
    <subfield code="9">24993</subfield>
    <subfield code="x">&#xE20;&#xE32;&#xE1E;</subfield>
  </datafield>
  <datafield tag="650" ind1=" " ind2="4">
    <subfield code="a">&#xE18;&#xE23;&#xE23;&#xE21;&#xE30;&#xE01;&#xE31;&#xE1A;&#xE0A;&#xE35;&#xE27;&#xE34;&#xE15;&#xE1B;&#xE23;&#xE30;&#xE08;&#xE33;&#xE27;&#xE31;&#xE19;</subfield>
    <subfield code="9">4420</subfield>
  </datafield>
  <datafield tag="700" ind1="0" ind2=" ">
    <subfield code="9">24990</subfield>
    <subfield code="a">&#xE1E;&#xE23;&#xE30;&#xE21;&#xE2B;&#xE32;&#xE27;&#xE38;&#xE12;&#xE34;&#xE0A;&#xE31;&#xE22; &#xE27;&#xE0A;&#xE34;&#xE23;&#xE40;&#xE21;&#xE18;&#xE35;</subfield>
  </datafield>
  <datafield tag="700" ind1="1" ind2=" ">
    <subfield code="9">24991</subfield>
    <subfield code="a">&#xE40;&#xE25;&#xE49;&#xE32;, &#xE40;&#xE14;&#xE27;&#xE34;&#xE14;</subfield>
  </datafield>
  <datafield tag="850" ind1=" " ind2=" ">
    <subfield code="a">NALT</subfield>
  </datafield>
  <datafield tag="942" ind1=" " ind2=" ">
    <subfield code="c">GB</subfield>
    <subfield code="2">lcc</subfield>
  </datafield>
  <datafield tag="998" ind1=" " ind2=" ">
    <subfield code="b">&#xE1B;&#xE23;&#xE35;&#xE22;&#xE32;&#xE19;&#xE38;&#xE0A;  &#xE04;&#xE25;&#xE2D;&#xE27;&#xE38;&#xE12;&#xE34;&#xE27;&#xE31;&#xE12;&#xE19;&#xE4C;</subfield>
    <subfield code="b">phon</subfield>
    <subfield code="c">101</subfield>
    <subfield code="j">104</subfield>
    <subfield code="k"> &#xE19;&#xE32;&#xE07;&#xE2A;&#xE32;&#xE27;&#xE2A;&#xE32;&#xE22;&#xE1D;&#xE19;  &#xE14;&#xE35;&#xE07;&#xE32;&#xE21;</subfield>
  </datafield>
  <datafield tag="999" ind1=" " ind2=" ">
    <subfield code="c">70298</subfield>
    <subfield code="d">70298</subfield>
  </datafield>
  <datafield tag="952" ind1=" " ind2=" ">
    <subfield code="0">0</subfield>
    <subfield code="1">0</subfield>
    <subfield code="2">lcc</subfield>
    <subfield code="4">0</subfield>
    <subfield code="7">0</subfield>
    <subfield code="8">CGBL</subfield>
    <subfield code="a">NALT</subfield>
    <subfield code="b">NALT</subfield>
    <subfield code="c">GEN</subfield>
    <subfield code="d">2022-06-29</subfield>
    <subfield code="e">&#xE08;&#xE31;&#xE14;&#xE0B;&#xE37;&#xE49;&#xE2D;&#xE17;&#xE23;&#xE31;&#xE1E;&#xE22;&#xE32;&#xE01;&#xE23;</subfield>
    <subfield code="o">BQ 5335 &#xE27;111&#xE21; 2556</subfield>
    <subfield code="p">3961196826</subfield>
    <subfield code="r">2017-06-09 00:00:00</subfield>
    <subfield code="t">&#xE09;.1</subfield>
    <subfield code="w">2017-06-09</subfield>
    <subfield code="y">GB</subfield>
  </datafield>
</record>
